Circuleres Litterae ad Clerum ...
| Main Author: | |
|---|---|
| Format: | Book |
| Language: | Undetermined |
| PhysicalDescription: | S. 32-34 |
| Published: |
Tyrnavia
Lev
1922
|
MARC
| LEADER | 00000nam a2200000 a 4500 | ||
|---|---|---|---|
| 001 | vtls001381706 | ||
| 003 | SK-MaSNL | ||
| 005 | 20260302000737.0 | ||
| 008 | 240314s1922 xx 0 und | ||
| 035 | |a SNK000335737 | ||
| 040 | |a SNK |b slo |c SNK |e AACR2 | ||
| 100 | 1 | |a Jantausch, Pavol, |d 1870-1947 |4 aut |9 168346 | |
| 245 | 1 | 0 | |a Circuleres Litterae ad Clerum ... |
| 260 | |a Tyrnavia |b Lev |c 1922 | ||
| 300 | |a S. 32-34 | ||
| 999 | |c 980901 |d 982831 | ||
| 952 | |t P60, <03>, [BOOK], {603} |a SNK |b SNK |y PREZ |7 0 |p 17A0225455 |o snkOSB 8238 |0 0 |1 0 |4 0 |d 2000-01-27 |l 0 |r 2005-01-02 00:00:00 |w 2026-02-24 | ||


